Rules for the registration of firms (Record no. 121292)
[ view plain ]
| 000 -LEADER | |
|---|---|
| fixed length control field | 01617nam a22002537a 4500 |
| 001 - CONTROL NUMBER | |
| control field | 121292 |
| 008 - FIXED-LENGTH DATA ELEMENTS--GENERAL INFORMATION | |
| fixed length control field | 221229s2022 xxk|||||o|||| 00| 0 eng d |
| 041 ## - LANGUAGE CODE | |
| Language code of text/sound track or separate title | eng |
| 110 ## - MAIN ENTRY--CORPORATE NAME | |
| Corporate author | Royal Institution of Chartered Surveyors |
| 245 ## - TITLE STATEMENT | |
| Title | Rules for the registration of firms |
| Medium | [Electronic resource] |
| 250 ## - EDITION | |
| Edition statement | Version 8 with effect from 2 February 2022 |
| 260 ## - PUBLICATION INFORMATION | |
| Place of publication | London, |
| Publisher | Royal Institution of Chartered Surveyors, |
| Date | 2022 |
| 300 ## - PHYSICAL DESCRIPTION | |
| Physical description | 11p. |
| 490 ## - SERIES TITLE | |
| Series statement | RICS Regulation |
| 500 ## - GENERAL NOTE | |
| General note | These Rules are made by the Standards and Regulation Board in accordance with Bye-Law 2.5.1 under powers provided by Regulation 7.2.4. |
| 500 ## - GENERAL NOTE | |
| General note | With effect from 2 February 2022. These supersede version 7 effective from 1 April 2020. version 6 was effective from 2 March 2020. There was some confusion as for a while the document dated 2 February 2022 was given version 7 when it is infact version 8 so some copies of the mis-named version may be in circulation. |
| 520 ## - ABSTRACT | |
| Abstract | These rules set out: which Firms are required to register with RICS for regulation; circumstances in which a Firm is eligible to apply for regulation, even though it is not required to do so; the procedure for registration, deregistration and appeal and; together with the Rules of Conduct, the obligations of registration |
| 650 ## - KEYWORDS | |
| Keywords | REGULATION |
| 650 ## - KEYWORDS | |
| Keywords | RULES OF CONDUCT |
| 651 ## - SUBJECT ADDED ENTRY--GEOGRAPHIC NAME | |
| Geographic name | United Kingdom |
| 710 ## - ADDED CORPORATE NAME | |
| Added corporate author | Royal Institution of Chartered Surveyors |
| 856 ## - ONLINE RESOURCE | |
| Uniform Resource Identifier | <a href="https://www.rics.org/content/dam/ricsglobal/documents/regulation/rules_for_the_registration_of_firms_version_7.pdf">https://www.rics.org/content/dam/ricsglobal/documents/regulation/rules_for_the_registration_of_firms_version_7.pdf</a> |
| Public note | Available free on RICS.org |
| 942 ## - ADDED ENTRY ELEMENTS (KOHA) | |
| Suppress in OPAC | Do not suppress in OPAC |
| Lost status | Damaged status | Not for loan | Current library | Shelving location | Date acquired | Total Checkouts | Date last seen | Price effective from | Koha item type |
|---|---|---|---|---|---|---|---|---|---|
| Virtual | Online | 29/12/2022 | 29/12/2022 | 29/12/2022 | Online material |